South Eastern Kenya University

Library Online Public Access Catalogue


The complete idiot's guide to the Internet / (Record no. 12910)

MARC details
000 -LEADER
fixed length control field 00746cam a2200253 a 4500
001 - CONTROL NUMBER
control field 3963798
003 - CONTROL NUMBER IDENTIFIER
control field OSt
005 - DATE AND TIME OF LATEST TRANSACTION
control field 20160421121523.0
008 - FIXED-LENGTH DATA ELEMENTS--GENERAL INFORMATION
fixed length control field 950315s1994 inua 001 0 eng
010 ## - LIBRARY OF CONGRESS CONTROL NUMBER
LC control number 94078340
020 ## - INTERNATIONAL STANDARD BOOK NUMBER
International Standard Book Number 156761535X
040 ## - CATALOGING SOURCE
Original cataloging agency SEKU
050 00 - LIBRARY OF CONGRESS CALL NUMBER
Classification number TK 5105
Item number .K4 1994
082 00 - DEWEY DECIMAL CLASSIFICATION NUMBER
Classification number 004.6/7
Edition number 20
100 1# - MAIN ENTRY--PERSONAL NAME
Personal name Kent, Peter,
Dates associated with a name 1957-
245 14 - TITLE STATEMENT
Title The complete idiot's guide to the Internet /
Statement of responsibility, etc. by Peter Kent.
250 ## - EDITION STATEMENT
Edition statement 2nd ed.
260 ## - PUBLICATION, DISTRIBUTION, ETC. (IMPRINT)
Place of publication, distribution, etc. Indianapolis, IN :
Name of publisher, distributor, etc. Alpha Books,
Date of publication, distribution, etc. 1994.
300 ## - PHYSICAL DESCRIPTION
Extent xx, 367 p. :
Other physical details ill. ;
Dimensions 24 cm. +
Accompanying material 1 computer disk (3 1/2 in.)
500 ## - GENERAL NOTE
General note System requirements for computer disk: IBM-compatible PC; MS-DOS.
500 ## - GENERAL NOTE
General note Includes index.
650 #0 - SUBJECT ADDED ENTRY--TOPICAL TERM
Topical term or geographic name as entry element Internet.
942 ## - ADDED ENTRY ELEMENTS (KOHA)
Source of classification or shelving scheme Library of Congress Classification
Koha item type General circulation
Holdings
Withdrawn status Lost status Source of classification or shelving scheme Damaged status Not for loan Home library Current library Shelving location Date acquired Source of acquisition Total Checkouts Full call number Barcode Date last seen Price effective from Koha item type Public note
    Library of Congress Classification     Main Campus Library Main Campus Library General Stacks 21/04/2016 Donation- Books for Africa   TK 5105 .K4 1994 2016/016547 21/04/2016 21/04/2016 General circulation stv
Kitui, Kenya.
+254736116989
library@seku.ac.ke